000 00692nam a2200217 u 4500
005 20240314063646.0
008 130322s2007 ea r 000 0 spa d
020 _a1404265880
035 _aUPN01000190438
049 _aI
050 4 _aPZ75
_bR6.3
100 1 _aRoza, Greg,
_d1971-
_933672
245 1 0 _aDulce en la dulcería /
_cGreg Roza ; tr. José María Obregón.
260 _aNew York :
_bRosen Classroom Books & Materials,
_c2007.
300 _a8 p. :
_bprincipalmente il. col.
440 0 _aLecturas del barrio.
_pNarrativa
650 4 _aCuentos infantiles estadounidenses
_910762
650 7 _aLibros ilustrados para niños
_2
_921365
905 _aLibro
999 _c162541
_d162541